An American dependency challenge /

Bibliographic Details
Main Author: Burgess, M. Elaine (Margaret Elaine)
Corporate Authors: University of North Carolina (1793-1962). Institute for Research in Social Science, American Public Welfare Association
Other Authors: Price, Daniel O.
Format: Book
Language:English
Published: Chicago : [American Public Welfare Association], 1963.
Subjects:

MARC

Tag First Indicator Second Indicator Subfields
LEADER 00000cam a2200000 4500
001 in00000069064
005 20151008051357.0
008 720315s1963 ilu b 00000 eng u
010 |a  63004281  
035 |a (OCoLC)00264063 
035 |9 AAG7492AM 
040 |c WSU  |d TXA  |d UtOrBLW 
049 |a TXAM  |c [473525] 
050 0 |a HV741  |b .B86 
092 |a 362.7  |b B955a 
100 1 |a Burgess, M. Elaine  |q (Margaret Elaine) 
245 1 3 |a An American dependency challenge /  |c [by] M. Elaine Burgess and Daniel O. Price. A study made by the Institute for Research in Social Science of the University of North Carolina for the American Public Welfare Association. 
264 1 |a Chicago :  |b [American Public Welfare Association],  |c 1963. 
300 |a 285 pages 
336 |a text  |b txt  |2 rdacontent 
337 |a unmediated  |b n  |2 rdamedia 
338 |a volume  |b nc  |2 rdacarrier 
504 |a Includes bibliography. 
650 0 |a Child welfare  |z United States. 
700 1 |a Price, Daniel O. 
710 2 |a University of North Carolina (1793-1962).  |b Institute for Research in Social Science. 
710 2 |a American Public Welfare Association. 
999 |a MARS 
999 f f |s a1b962b6-18ab-3084-ae16-d443c3f3ebef  |i 3075ed73-3bc3-36a8-8e14-52e1bc4e789d  |t 0 
952 f f |p ric  |a Texas A&M University  |b Rellis Campus  |c Joint Library Facility  |d Remote Storage  |t 0  |e HV741 .B86  |h Library of Congress classification  |i unmediated -- volume  |m A14800810591 
998 f f |a HV741 .B86  |t 0  |l Remote Storage